Das Wesen un Vorzüge des Depositen und Check-Verkehrs

Salvato in:
Dettagli Bibliografici
Natura: Libro
Lingua:tedesco
Pubblicazione: Berlin K. Duncker 1884
Tags: Aggiungi Tag
Nessun Tag, puoi essere il primo ad aggiungerne!!

MARC

LEADER 00000nam a2200000 4500
001 0307523
005 20250307085250.2
041 0 |a ger 
044 |a DE 
245 1 0 |a Das Wesen un Vorzüge des Depositen und Check-Verkehrs  |c Stieglitz 
264 1 |a Berlin  |b K. Duncker  |c 1884